CPR - Bee's knees or a dog's breakfast? A personal view (Record no. 70568)
[ view plain ]
| 000 -LEADER | |
|---|---|
| fixed length control field | 00854cam a2200205 4500 |
| 001 - CONTROL NUMBER | |
| control field | X118522 |
| 008 - FIXED-LENGTH DATA ELEMENTS--GENERAL INFORMATION | |
| fixed length control field | 020625n2002 000 0 eng u |
| 035 ## - SYSTEM CONTROL NUMBER | |
| System control number | (Sirsi) u118522 |
| 100 ## - MAIN ENTRY--PERSONAL NAME | |
| Personal name | Hindle, A |
| 245 ## - TITLE STATEMENT | |
| Title | CPR - Bee's knees or a dog's breakfast? A personal view |
| 260 ## - PUBLICATION, DISTRIBUTION, ETC. | |
| Date of publication, distribution, etc. | 2002 |
| 490 ## - SERIES STATEMENT | |
| Series statement | Landlord and Tenant Review |
| Volume/sequential designation | 6(1) 2002, 29-30(2) |
| 520 ## - SUMMARY, ETC. | |
| Summary, etc. | Reviews effectiveness of Civil Procedure Rules1998, providing personal view on working parts which affect landlord and tenant litigators. Analyses summary assessment of costs, standard disclosure under CPR Part 31, and use of expert evidence. Highlights number of problems with operation of CPR. |
| 650 ## - SUBJECT ADDED ENTRY--TOPICAL TERM | |
| Topical term or geographic name entry element | CIVIL PROCEDURE RULES 1998 |
| 650 ## - SUBJECT ADDED ENTRY--TOPICAL TERM | |
| Topical term or geographic name entry element | CIVIL PROCEDURE RULES |
| 650 ## - SUBJECT ADDED ENTRY--TOPICAL TERM | |
| Topical term or geographic name entry element | EXPERT EVIDENCE |
| 650 ## - SUBJECT ADDED ENTRY--TOPICAL TERM | |
| Topical term or geographic name entry element | DISCLOSURE |
| 690 ## - LOCAL SUBJECT ADDED ENTRY--TOPICAL TERM (OCLC, RLIN) | |
| Topical term or geographic name as entry element | Dispute resolution |
| 9 (RLIN) | 6236 |
| 942 ## - ADDED ENTRY ELEMENTS (KOHA) | |
| Suppress in OPAC | 0 |
| Withdrawn status | Lost status | Source of classification or shelving scheme | Damaged status | Not for loan | Home library | Current library | Shelving location | Date acquired | Total Checkouts | Barcode | Date last seen | Copy number | Price effective from | Koha item type |
|---|---|---|---|---|---|---|---|---|---|---|---|---|---|---|
| Dewey Decimal Classification | London | London | Journal article | 25/06/2002 | 118522-1001 | 06/08/2019 | 1 | 06/08/2019 | Journal article |